000 00905nam a2200301 i 4500
001 C2-0337682
003 PPAK
005 20180728140359.0
008 160904s2016 my a|||| ||||| | may d
020 _a9789674541293
040 _aPPAK
_beng
_cPPAK
_erda
082 0 4 _a959.5076
_223
090 0 0 _a959.5076
_bLAI
_dR
100 1 _aLai, Shi Xun,
_eauthor
245 1 0 _aSejarah PPPM Tingkatan 1.2.3
264 1 _aPetaling Jaya, Selangor. :
_bPenerbit Ilmu Bakti Sdn. Bhd. ,
_c2016
300 _aiv, 396 pages :
_billustrations ;
_c26 cm
336 _2rdacontent
_atext
337 _2rdamedia
_aunmediated
338 _2rdacarrier
_avolume
490 1 _aSiri smart PT3
500 _aIncludes questions and answers.
650 1 0 _aMalaysia - History - Problems, exercises, etc.
700 _eauthor
700 0 _aNur Diyana Abd Rahman,
_eeditor
830 0 _aSiri smart PT3
942 _ddc
_cB
999 _c135313
_d135313